banner koha

Levantamento etnobotânico de plantas medicinais na cidade de Ipameri - GO (Registro n. 299116)

MARC details
000 -LÍDER
fixed length control field 04865nab a2200301 i 4500
003 - CÓDIGO MARC DA AGÊNCIA CATALOGADORA
Campo de controle BR-BrBNA
005 - DATA E HORA DA ÚLTIMA ATUALIZAÇÃO
Campo de controle 20240410094936.0
008 - CAMPO DE TAMANHO FIXO
fixed length control field 240410b2013 bl.qr|pooa||| 00| 0 por |
040 ## - FONTE DA CATALOGAÇÃO
Agência catalogadora BR-BrBNA
Idioma da catalogação por
072 ## - CATEGORIA AGRIS
Código AGRIS F70
100 ## - ENTRADA PRINCIPAL - NOME PESSOAL
Nome pessoal Zucchi, M.R.
100 ## - ENTRADA PRINCIPAL - NOME PESSOAL
Nome pessoal Oliveira Júnior, V.F.
100 ## - ENTRADA PRINCIPAL - NOME PESSOAL
Nome pessoal Gussoni, M.A.
100 ## - ENTRADA PRINCIPAL - NOME PESSOAL
Nome pessoal Silva, M.B.
100 ## - ENTRADA PRINCIPAL - NOME PESSOAL
Nome pessoal Silva, F.C.
100 ## - ENTRADA PRINCIPAL - NOME PESSOAL
Nome pessoal Marques, N.E.
245 ## - TÍTULO PRINCIPAL
Título principal Levantamento etnobotânico de plantas medicinais na cidade de Ipameri - GO
500 ## - NOTA GERAL
Nota geral Publicação on-line; 34 ref.; 1 table; Summaries (En, Pt)
942 ## - ADDED ENTRY ELEMENTS (KOHA)
Koha item type
520 ## - NOTA DE RESUMO
Nota de conteúdo <br/><br/>RESUMO: <br/><br/><br/>Os objetivos deste trabalho foram: identificar as espécies vegetais utilizadas com<br/>fins medicinais pela comunidade de Ipameri (Estado de Goiás); investigar as preferências com<br/>relação à produção e comercialização dessas plantas; e diagnosticar o perfil de gênero e as<br/>faixas etárias e salariais de seus usuários. Para isso, foram realizadas entrevistas estruturadas<br/>com 200 famílias da cidade e coletadas as plantas visando-se a sua correta identificação.<br/>O material foi herborizado, identificado e depositado no Herbário da Universidade Estadual<br/>de Goiás (HUEG). Das 200 famílias entrevistadas, 75 disseram não fazer uso de plantas<br/>com fins medicinais (37,5%), enquanto 125 afirmaram fazê-lo (62,5%). O grupo que utiliza<br/>relacionou 35 espécies mais empregadas: hortelã-rasteira (Mentha x villosa L.), boldo-setedores <br/>(Plectranthus barbatus Andrews.), capim-cidreira (Cymbopogon citratus (DC.) Stapf.),<br/>quebra-pedra (Phyllanthus niruri L.), camomila (Chamomilla recutita (L.) Rauschert.), poejo<br/>(Mentha pulegium L.), guaco (Mikania glomerata Spreng.), mentrasto (Ageratum conyzoides L.),<br/>alfavacão (Ocimum gratissimum L.), losna (Artemisia canphorata Vill.), bálsamo (Eysenhardtia<br/>platycarpa Mich.), carqueja (Baccharis trimera (Less.) DC.), funcho (Foeniculum vulgare Mill.),<br/>babosa (Aloe vera L.) e malva (Althaea officinalis L.). Todas as famílias consumidoras (100%)<br/>afirmaram preferir as plantas cultivadas de forma orgânica, selecionando-as através da boa<br/>aparência (68% das famílias) e consumindo-as in natura (sem beneficiamento, 100%). A<br/>utilização de plantas medicinais em Ipameri é independente do sexo (54%, mulheres e 46%,<br/>homens) e se estende às várias faixas etárias e também sócio-econômicas, configurando-se<br/>assim, um bom mercado consumidor.<br/><br/>Palavras chaves: etnobotânica, plantas medicinais, policultivo
520 ## - NOTA DE RESUMO
Nota de conteúdo <br/><br/>ABSTRACT: <br/><br/>Ethnobotanical survey of medicinal plants in Ipameri City – Goiás State.<br/>The aims of this study were: to identify the plant species used for medicinal purposes by the<br/>community at Ipameri (Goiás State); to investigate the preferences with respect to the production<br/>and marketing of these plants; and to diagnose the gender profile and the age and wage ranges<br/>of users. Thus, structured interviews were conducted with 200 families in the city and plants were<br/>collected for their correct identification. The material was herborized, identified and deposited in<br/>the Herbarium of “Universidade Estadual de Goiás” (HUEG). Of the 200 families interviewed, 75<br/>said they did not make use of plants for medicinal purposes (37.5%), while 125 said they do use<br/>them (62.5%). The latter group reported the 35 most used species: “hortelã-rasteira” (Mentha<br/>x villosa L.), “boldo-sete-dores” (Plectranthus barbatus Andrews.), lemon grass (Cymbopogon<br/>citratus (DC.) Stapf.), “quebra-pedra” (Phyllanthus niruri L.), chamomile (Chamomilla recutita<br/>(L.) Rauschert.), pennyroyal (Mentha pulegium L.), guaco (Mikania glomerata Spreng.),<br/>mentrasto (Ageratum conyzoides L.), clove basil (Ocimum gratissimum L.), wormwood (Artemisia<br/>canphorata Vill.), balm (Eysenhardtia platycarpa Mich.), broom (Baccharis trimera (Less.) DC.),<br/>fennel (Foeniculum vulgare Mill.), aloe (Aloe vera L.) and mallow (Althaea officinalis L.). All<br/>consumer families (100%) stated to prefer plants grown organically, to select the plants based<br/>on their good appearance (68% families) and to eat them in natura (unprocessed, 100%). The<br/>use of medicinal plants in Ipameri is independent of gender (54% womem and 46% men) and<br/>extends to several age and socioeconomic ranges, configuring thus a good consumer market.<br/><br/>Key words: ethnobotany, medicinal plants, polyculture
650 ## - ASSUNTO - THESAGRO
Cabeçalho tópico ou nome geográfico ETNOBOTÂNICA
650 ## - ASSUNTO - THESAGRO
Cabeçalho tópico ou nome geográfico PLANTA MEDICINAL
650 ## - ASSUNTO - THESAGRO
Cabeçalho tópico ou nome geográfico CULTIVO MÚLTIPLO
773 0# - ENTRADA ANALÍTICA
Host Biblionumber 3543
Registro do item 314233
Imprenta Botucatu-SP Instituto de Biociências - Departamento de Química e Bioquímica 1998
Outro identificador 2024-0490
Título Revista Brasileira de Plantas Medicinais (Brazil)
ISSN 1516-0572
Colação v. 15(2) p. 273-279; (2013)
Número de controle de registro BR2024000451
856 ## - ACESSO E ENDEREÇO ELETRÔNICO
Identificador uniforme de recurso - URI https://www.scielo.br/j/rbpm/a/rTwv3v6wF4RTqyMCq9WkxnB/?format=pdf&lang=pt

Nenhum exemplar disponível.

BINAGRI

Telefone: (61)3218-2567/2388/3357/2097 - binagri@agro.gov.br

Ministério da Agricultura e Pecuária , Esplanada dos Ministérios, Bloco D, Anexo B, Brasília/DF, CEP: 70.043-900